000 00669nam a2200241Ia 4500
003 OSt
005 20220923230637.0
006 a|||||r|||| 00| 0
007 ta
008 220922b |||||||| |||| 00| 0 hin d
024 _a286,869
037 _cTextual
040 _aARTS
_cARTS
_bhin
041 _2hin
_ahin
082 _aR625x3:1, K2
100 _aविश्वेश्वर
245 0 _aन्यायकुसुमांजलि
246 _aNyāyakusumāanjali
260 _c1962
650 _aभारतीय दर्शन
942 _hR625x3:1, K2
_cTEXL
_2CC
999 _c386221
_d386221